[Event "SRB-chT2 West"]
[Site "Arandjelovac"]
[Date "2018.10.04"]
[Round "6.6"]
[White "Brajovic, Miroljub"]
[Black "Djuric, Zoran"]
[Result "1-0"]
[WhiteElo "2111"]
[BlackElo "2248"]
[PlyCount "88"]
[EventDate "2018.09.07"]
[EventType "team-tourn"]
[EventRounds "11"]
[EventCountry "SRB"]
[SourceTitle "EXT 2021"]
[Source "ChessBase"]
[SourceDate "2020.10.23"]
[SourceVersion "1"]
[SourceVersionDate "2020.10.23"]
[SourceQuality "1"]
[WhiteTeam "Prijepolje Priko"]
[BlackTeam "Krupanj"]
[WhiteTeamCountry "SRB"]
[BlackTeamCountry "SRB"]

1. e4 e5 2. d4 exd4 3. Qxd4 Nc6 4. Qe3 Nf6 5. e5 Nd5 6. Qe4 Nde7 7. Nc3 g6 8. Bg5 Bg7 9. Nd5 h6 10. Nf6+ Kf8 11. Bf4 d5 12. Qa4 Nxe5 13. Bxe5 b5 14. Bxb5 Rb8 15. Nd7+ Bxd7 16. Bxg7+ Kxg7 17. Bxd7 c5 18. Ne2 Qc7 19. Bh3 Rb4 20. Qa3 Re4 21. f3 Re5 22. Kf2 d4 23. Rhe1 Nd5 24. Ng3 Ne3 25. Re2 Rhe8 26. Qd3 h5 27. Rae1 f5 28. Nf1 Nd5 29. Rxe5 Rxe5 30. Rxe5 Qxe5 31. g3 h4 32. f4 hxg3+ 33. hxg3 Qb8 34. Bg2 Nf6 35. b3 a5 36. a4 Qb4 37. Bf3 Qb6 38. Nd2 Qe6 39. Nc4 Ne4+ 40. Kg2 g5 41. Ne5 Nf6 42. Qc4 Qe7 43. Qb5 gxf4 44. gxf4 Kg8 1-0

[Event "SRB-chT Cup"]
[Site "Kragujevac"]
[Date "2016.04.23"]
[Round "5.5"]
[White "Rancic, Zoran"]
[Black "Brajovic, Miroljub"]
[Result "1-0"]
[WhiteElo "2203"]
[BlackElo "2087"]
[PlyCount "103"]
[EventDate "2016.04.20"]
[EventType "team-swiss"]
[EventRounds "7"]
[EventCountry "SRB"]
[SourceTitle "CBM 172 Extra"]
[Source "ChessBase"]
[SourceDate "2016.06.21"]
[SourceVersion "1"]
[SourceVersionDate "2016.06.21"]
[SourceQuality "1"]
[WhiteTeam "Velika Plana Morava"]
[BlackTeam "Prijepolje Priko"]
[WhiteTeamCountry "SRB"]
[BlackTeamCountry "SRB"]

1. d4 Nf6 2. c4 d5 3. Nc3 c5 4. e3 Nc6 5. Nf3 Bg4 6. cxd5 Nxd5 7. Bc4 e6 8. Nxd5 exd5 9. Be2 c4 10. 0-0 Be7 11. Bd2 b5 12. a3 0-0 13. Ne5 Bxe2 14. Qxe2 Qc7 15. Nxc6 Qxc6 16. Bb4 Rfe8 17. Qd2 Bd8 18. a4 a5 19. axb5 Qxb5 20. Ra2 Bc7 21. Rfa1 a4 22. Bc5 Ra6 23. g3 Rea8 24. Qc2 h6 25. e4 dxe4 26. Qxe4 Bb6 27. Qb7 Re8 28. h4 Re6 29. Ra3 Ra5 30. Rf3 Qe8 31. Bxb6 Rb5 32. Qc7 Rc6 33. Qd8 Qxd8 34. Bxd8 Rxb2 35. Rc3 Rb3 36. Rcc1 c3 37. Ba5 Rc4 38. d5 c2 39. d6 Rd3 40. Bc7 f6 41. Kg2 Kf7 42. Ra2 Rd2 43. Rcxc2 Rcxc2 44. Rxc2 Rxc2 45. d7 Rd2 46. d8Q Rxd8 47. Bxd8 Ke6 48. Ba5 a3 49. Bc3 a2 50. Kf3 h5 51. Kf4 g6 52. f3 1-0

[Event "Sarajevo Bosna op-B 44th"]
[Site "Sarajevo"]
[Date "2014.06.05"]
[Round "8"]
[White "Brajovic, Miroljub"]
[Black "Bucan, Eldin"]
[Result "0-1"]
[WhiteElo "2124"]
[BlackElo "2165"]
[PlyCount "48"]
[EventDate "2014.05.30"]
[EventType "swiss"]
[EventRounds "9"]
[EventCountry "BIH"]
[SourceTitle "CBM 160 Extra"]
[Source "ChessBase"]
[SourceDate "2014.07.01"]
[SourceVersion "1"]
[SourceVersionDate "2014.07.01"]
[SourceQuality "1"]

1. e4 e5 2. d4 exd4 3. Qxd4 Nc6 4. Qe3 Nf6 5. e5 Ng4 6. Qe4 d5 7. exd6+ Be6 8. Ba6 Nf6 9. Qa4 Qxd6 10. Bxb7 Bd7 11. Bxa8 Nd4 12. Qc4 Bb5 13. Qc3 Qe6+ 14. Be3 Bb4 15. Na3 Bxc3+ 16. bxc3 Bc6 17. Bxc6+ Qxc6 18. 0-0-0 Qxc3 19. Bxd4 Qxa3+ 20. Bb2 Qxa2 21. Re1+ Kd7 22. Nf3 Rb8 23. Ne5+ Kc8 24. Nd3 Rxb2 0-1

[Event "Sarajevo Bosna op-B 44th"]
[Site "Sarajevo"]
[Date "2014.06.04"]
[Round "7"]
[White "Brajovic, Miroljub"]
[Black "Hadzovic, Amir"]
[Result "1-0"]
[WhiteElo "2124"]
[BlackElo "2212"]
[PlyCount "153"]
[EventDate "2014.05.30"]
[EventType "swiss"]
[EventRounds "9"]
[EventCountry "BIH"]
[SourceTitle "CBM 160 Extra"]
[Source "ChessBase"]
[SourceDate "2014.07.01"]
[SourceVersion "1"]
[SourceVersionDate "2014.07.01"]
[SourceQuality "1"]

1. e4 e5 2. d4 exd4 3. Qxd4 Nc6 4. Qe3 Nf6 5. e5 Nd5 6. Qe4 Nb6 7. Nf3 Qe7 8. Nc3 h6 9. a3 d5 10. exd6 cxd6 11. Qxe7+ Bxe7 12. Nb5 0-0 13. Bf4 Bf5 14. 0-0-0 d5 15. Bd3 Bg4 16. Be2 Bc5 17. Bd6 Rfe8 18. Bxc5 Rxe2 19. Nc3 Re6 20. Bxb6 axb6 21. Nxd5 Re2 22. Rd2 Bxf3 23. gxf3 Rxd2 24. Kxd2 Rd8 25. c4 b5 26. b3 bxc4 27. bxc4 Ra8 28. Ra1 Ne5 29. Kc3 Nxf3 30. Kb4 Nxh2 31. Kb5 Ra6 32. a4 Nf3 33. Rd1 Ne5 34. Nb4 Rf6 35. Rd5 Re6 36. Rd8+ Kh7 37. f4 Nf3 38. c5 h5 39. Rd3 Ng1 40. a5 h4 41. Rd1 Nf3 42. c6 bxc6+ 43. Nxc6 h3 44. Rh1 h2 45. a6 Re1 46. Rxh2+ Nxh2 47. a7 Re4 48. a8Q Rxf4 49. Ne7 Nf3 50. Qg8+ Kh6 51. Qh8+ Kg5 52. Qxg7+ Kh4 53. Nd5 Rf5 54. Kc6 Ne5+ 55. Kc7 Ng6 56. Qd4+ Kh5 57. Ne3 Rf4 58. Qd5+ Kh6 59. Nf5+ Kg5 60. Nd6+ f5 61. Qg8 Rg4 62. Qf7 Nh4 63. Qe7+ Kf4 64. Nc4 Kg3 65. Qe3+ Kh2 66. Qf2+ Ng2 67. Ne3 Rg7+ 68. Kd6 f4 69. Nd5 Rf7 70. Ke6 Rf8 71. Ne7 Re8 72. Kf7 Rb8 73. Ng6 Rb4 74. Nh4 f3 75. Nxf3+ Kh3 76. Ng1+ Kh2 77. Ne2 1-0

[Event "SRB-chT Central"]
[Site "Kragujevac"]
[Date "2013.09.21"]
[Round "10.5"]
[White "Nestorovic, Lazar"]
[Black "Brajovic, Miroljub"]
[Result "1-0"]
[WhiteElo "2391"]
[BlackElo "2135"]
[PlyCount "72"]
[EventDate "2013.09.14"]
[EventType "team-tourn"]
[EventRounds "11"]
[EventCountry "SRB"]
[SourceTitle "CBM 156 Extra"]
[Source "ChessBase"]
[SourceDate "2013.10.22"]
[SourceVersion "1"]
[SourceVersionDate "2013.10.22"]
[SourceQuality "1"]
[WhiteTeam "Kraljevo Sloga Turist"]
[BlackTeam "Prijepolje Priko"]
[WhiteTeamCountry "SRB"]
[BlackTeamCountry "SRB"]

1. e4 d5 2. exd5 Qxd5 3. Nc3 Qa5 4. d4 Nf6 5. Bc4 c6 6. Bd2 Qc7 7. Qe2 e6 8. 0-0-0 Be7 9. Nf3 a5 10. Ne5 b5 11. Bd3 b4 12. Ne4 Ba6 13. Bf4 Nd5 14. Bg3 Bxd3 15. Rxd3 Qb7 16. Nc4 0-0 17. Ned6 Qa6 18. Be5 Bf6 19. Bxf6 Nxf6 20. g4 Nbd7 21. g5 Nd5 22. Qe4 c5 23. Rh3 g6 24. Qh4 h5 25. gxh6 Kh7 26. dxc5 Qc6 27. Ne4 f6 28. Rg1 Rg8 29. Rhg3 Ra7 30. Kb1 e5 31. Rd3 Qe6 32. Rgd1 g5 33. Nxg5+ Rxg5 34. Qe4+ Qf5 35. Qxd5 Nf8 36. Ne3 Qxf2 1-0

[Event "SRB-chT Central"]
[Site "Kragujevac"]
[Date "2013.09.17"]
[Round "5.2"]
[White "Brajovic, Miroljub"]
[Black "Todorovic, Bojan"]
[Result "1/2-1/2"]
[WhiteElo "2135"]
[BlackElo "2338"]
[PlyCount "36"]
[EventDate "2013.09.14"]
[EventType "team-tourn"]
[EventRounds "11"]
[EventCountry "SRB"]
[SourceTitle "CBM 156 Extra"]
[Source "ChessBase"]
[SourceDate "2013.10.22"]
[SourceVersion "1"]
[SourceVersionDate "2013.10.22"]
[SourceQuality "1"]
[WhiteTeam "Prijepolje Priko"]
[BlackTeam "Pirot Progres"]
[WhiteTeamCountry "SRB"]
[BlackTeamCountry "SRB"]

1. e4 e5 2. d4 exd4 3. Qxd4 Nc6 4. Qe3 Nf6 5. e5 Ng4 6. Qe4 d5 7. exd6+ Be6 8. Ba6 Na5 9. Qa4+ c6 10. Bd2 Qb6 11. Nh3 Qxa6 12. Qxa5 Qxa5 13. Bxa5 Bxd6 14. Bd2 Bf5 15. f3 Nf6 16. c3 0-0-0 17. Nf4 Rhe8+ 18. Kf2 Bxb1 1/2-1/2

[Event "SRB-chT2 West CS"]
[Site "Serbia"]
[Date "2011.10.14"]
[Round "8.6"]
[White "Brajovic, Miroljub"]
[Black "Ilic, Dragan M"]
[Result "1-0"]
[WhiteElo "2159"]
[BlackElo "2388"]
[PlyCount "67"]
[EventDate "2011.09.11"]
[EventType "team"]
[EventRounds "11"]
[EventCountry "SRB"]
[SourceTitle "EXT 2015"]
[Source "ChessBase"]
[SourceDate "2014.11.20"]
[SourceVersion "1"]
[SourceVersionDate "2014.11.20"]
[SourceQuality "1"]

1. e4 e6 2. d4 d5 3. exd5 exd5 4. Bd3 Bd6 5. Nf3 Ne7 6. Bg5 f6 7. Bh4 Bg4 8. Bg3 Nbc6 9. c3 Qd7 10. Nbd2 0-0-0 11. Qc2 Qe6+ 12. Kd1 Kb8 13. Kc1 h5 14. Re1 Qd7 15. b4 g5 16. Kb2 Nc8 17. h3 Be6 18. Nb3 h4 19. Bxd6 cxd6 20. b5 N6e7 21. Re2 g4 22. hxg4 Bxg4 23. Nbd2 h3 24. gxh3 Rxh3 25. Ng1 Rxd3 26. Qxd3 Bf5 27. Qe3 Qxb5+ 28. Kc1 Qa4 29. Nb3 Qa3+ 30. Kd1 Rd7 31. Qf4 Rc7 32. Rc1 a5 33. Nf3 a4 34. Na1 1-0